Base soberana y otros recuerdos antárticos
Gardado en:
| Autor Principal: | |
|---|---|
| Formato: | Libro |
| Idioma: | Lingua castelá |
| Publicado: |
Santiago
Andrés Bello
1986
|
| Edición: | 2a. ed |
| Subjects: | |
| Tags: |
Engadir etiqueta
Sen Etiquetas, Sexa o primeiro en etiquetar este rexistro!
|
MARC
| LEADER | 00000nam a2200000 a 4500 | ||
|---|---|---|---|
| 001 | UCW9047 | ||
| 003 | CL-VaPUC | ||
| 008 | 881128e19860000CL |||||||||||||||||spa|d | ||
| 082 | 0 | 4 | |a 919.89 |b PIN |2 21 |
| 100 | 0 | |a Pinochet de la Barra, Oscar |e author |9 314185 | |
| 245 | 1 | 0 | |a Base soberana y otros recuerdos antárticos |
| 250 | |a 2a. ed | ||
| 300 | |a 127 p | ||
| 942 | |c BK | ||
| 945 | |d 19881128 00:00:00 | ||
| 260 | |a Santiago |b Andrés Bello |c 1986 | ||
| 650 | 7 | |a DESCUBRIMIENTOS Y EXPLORACIONES CHILENAS |2 CL-VaPUC |9 314186 | |
| 651 | 0 | |a Regiones antárticas |9 259075 | |
| 583 | |a last modification |c 19881128 00:00:00 |k Rodrigo Vera | ||
| 999 | |c 221124 |d 221122 | ||
| 952 | |0 0 |1 0 |4 0 |6 919_890000000000000_PIN_1986 |7 0 |8 A |9 214124 |a BIBING |b BIBING |d 2019-11-15 |i 2827115 |o 919.89 PIN 1986 |p 2827115 |r 2025-01-20 |w 2019-11-15 |y BK |k GEO | ||